Les plus grands gagnants des jeux télévisés de connaissances - Statistiques

Statistiques générales
  • Ce quiz a été pris 51 fois
    20 depuis la dernière actualisation
  • Le résultat moyen est 6 sur 15
Statistiques - réponses
Emission Rang Initiale Prénom Somme % Correct
Les 12 coups de midi (en cours au 11/06/2024) 1 E Emilien 1 106 021 €
100%
Les 12 coups de midi 2 B Bruno 1 026 107 €
71%
Qui veut gagner des millions ? 1 M Marie 1 000 000 €
71%
Les 12 coups de midi 3 E Eric 921 316 €
65%
N'oubliez pas les paroles 1 M Margaux 530 000 €
59%
Tout le monde veut prendre sa place 1 M-C Marie-Christine 196 900 €
59%
Tout le monde veut prendre sa place 2 D Dominique 160 000 €
41%
Tout le monde veut prendre sa place 3 J Julien 154 000 €
35%
N'oubliez pas les paroles 2 L Laurens 457 000 €
35%
Qui veut gagner des millions ? 2 L Louis 4 000 000 F
35%
Qui veut gagner des millions ? 3 F Frédéric 4 000 000 F
29%
N'oubliez pas les paroles 3 C Caroline 416 000 €
24%
Money Drop 1 C P {Cécile} & {Philippe} 260 000 €
6%
Money Drop 2 M J-P {Marlène} & {Jean-Pierre} 175 000 €
6%
Money Drop 3 C P {Christel} & {Pierre} 160 000 €
0%
Aucun quiz correspondant
Distribution des résultats
% des personnes avec chaque résultat
Percentile par nombre de réponses
Votre historique - résultats
Vous n’avez pas pris ce quiz depuis la dernière actualisation